000 01921cam a22004694i 4500
003 PE-LiUPU
005 20250731173113.0
008 190103s2018 xxu r 001 0 eng d
020 _a9781426753183
020 _a1426753187
035 _a(Sirsi) a251286
040 _aPE-LiUPU
_bspa
_cPE-LiUPU
_erda
049 _aPRUA
082 0 4 _a230
_bP12
_221
100 1 _aPachuau, Lalsangkima,
_eautor.
245 1 0 _aWorld Christianity :
_ba historical and theological introduction /
_cLalsangkima Pachuau.
264 1 _aNashville :
_bAbingdon Press,
_c2018.
300 _axv, 247 páginas ;
_c23 centímetros
336 _atext
_2rdacontent
337 _aunmediated
_2rdamedia
338 _avolume
_2rdacarrier
504 _aÍndice: páginas 237-247.
505 0 _aIntroduction: world Christianity and its studies -- Modernization, modern missions, and world Christianity -- Christian movements in the majority world -- Latin America and Africa -- Christian movements in the majority world: Part two: Asia and the Pacific Islands -- Contextualization, contextual theology, and global Christianity -- Contextual theologies in the majority world -- Christian mission in the new world of Christianity -- Conclusion: a highlight of the salient points.
526 _aSEG42
526 _aSEG41
526 _aSEG40
526 _aSEG39
526 _aP94
526 _aP87
526 _aP86
526 _aP85
526 _aP77
526 _aP76
526 _aP35
650 0 4 _aChristianity.
910 _adbm
_bksl
_cksl
_d20190103
942 _2ddc
_cBOOK
994 _aC0
_bPEPRU
596 _a1
999 _a230 P12
_wDEWEY
_c30706
_i79779
_f2021-11-9
_g4
_lCCODEBUL1
_mBUL
_p29.90
_r0
_sY
_tBOOK
_u2019-1-3
_xTEOLOGIA
_PP85
_0COMPRA
_1FCOMPR2
_o.STAFF. Colección Teología
_d30706
980 _81
_gALBERTO SANCHEZ Responsable de Automatización